000 01312cam a2200313 i 4500
001 20515
003 Mx-PuUPA
005 20260417141120.0
008 140415s2018 mx d gr 000 0 spa d
020 _a9786071735386
040 _aMx-PuUPA
_bspa
_cMx-PuUPA
_dMx-PuUPA
_erda
041 0 _aspa
100 1 _913989
_aSaldívar, Antonio,
_eautor
245 1 0 _aAdministración financiera de la empresa /
_cAntonio Saldívar
250 _aCuarta edición /
_boctubre
264 1 _aMéxico, Ciudad de México :
_bEditorial Trillas,
_c2018
300 _a176 páginas :
_bgráficas ;
_c23 cm
336 _2rdacontent
_atexto
_btxt
337 _2rdamedia
_asin medio
_bn
338 _2rdacarrier
_avolumen
_bnc
500 _a"Cambios estructurales necesarios ; Administración financiera como eje de procesos ; Modelos para facilitar el análisis ; Métodos sencillos de aplicar". -- Cubierta
650 7 _2armarc
_aEmpresas
_xFinanzas
650 7 _2armarc
_aIndustrias
_xAdministración
775 0 8 _iTambién editado como (manifestación) :
_aSaldívar, Antonio,
_bSegunda edición
_dMéxico, D.F. Editorial Trillas, 1996
_tPlaneación financiera de la empresa
_w(Mx-PuUPA) 16033
_z9682439442
942 _2ddc
_cLI
_h658.151
_iS55
999 _c20515
_d20515